| 000 | 00716nam a2200241 i 4500 | ||
|---|---|---|---|
| 001 | 8766 | ||
| 003 | ES-MaACL | ||
| 005 | 20230906145527.0 | ||
| 007 | t| | ||
| 008 | 920928s1991 sp ||||1| spa d | ||
| 020 | _a84-01-36124-9 | ||
| 080 | _a338(100) | ||
| 100 | 1 |
_aPorter, Michael E. _993232 |
|
| 245 | 1 | 3 |
_aLa ventaja competitiva de las naciones / _cMichael E. Porter. |
| 250 | _a[1ª ed.]. | ||
| 260 |
_aEsplugues de LLobregat, Barcelona : _bPlaza & Janés, _c1991. |
||
| 300 |
_a1025, [26] p. ; _c22 cm. |
||
| 500 | _aIndices. | ||
| 504 | _aBibliogr.: p.[1009]-1025. | ||
| 650 | 1 | 4 |
_aCompetencia económica. _911177 |
| 650 | 1 | 4 |
_aEconomía internacional. _912028 |
| 852 |
_aES-MaACL _jL-16068 _bR.120841 |
||
| 999 |
_c8766 _d8766 |
||